000 00444nam a2200181Ia 4500
005 20230822095900.0
008 131103s9999 xx 000 0 und d
040 _aLoreto College
041 _aEnglish
082 _a200
_bSOM
100 _aSomany,Ganga
245 _aWorld Religions
_cGanga Somany
260 _aCalcutta
_bO.M.Somany Trust
_c[19 - ?]
300 _a271 p.
_b illus.
650 _aReligion
850 _aLCLIB
942 _cBK
999 _c13459
_d63938